Statistics for David Lean Films

Click here to take the quiz!

General Stats

  • This quiz has been taken 193 times
  • The average score is 7 of 17

Answer Stats

YearFilm% Correct
1962Lawrence of Arabia
95%
1957The Bridge on the River Kwai
85%
1965Doctor Zhivago
76%
1984A Passage to India
63%
1945Brief Encounter
62%
1947Great Expectations
62%
1970Ryan's Daughter
54%
1948Oliver Twist
52%
1942 (Co-directed)In Which We Serve
27%
1955Summertime
26%
1945Blithe Spirit
24%
1954Hobson's Choice
24%
1944This Happy Breed
16%
1952Breaking the Sound Barrier
13%
1950Madeleine
12%
1949The Passionate Friends
11%
1941 (Uncredited)Major Barbara
8%

Score Distribution

Percentile by Number Answered

Percent of People with Each Score

Your Score History

You have not taken this quiz